Á lódáil...
JOURNAL OF FRANCIS BUCHANAN
| Príomhúdar: | |
|---|---|
| Formáid: | Printed Book |
| Foilsithe: |
NEWDELHI
ASIAN EDUCATIONAL
1989
|
| Ábhair: |
| LEADER | 00648nam a2200229 4500 | ||
|---|---|---|---|
| 020 | |a 8120604598 |c 595.0 | ||
| 082 | |a 930.1 JAC | ||
| 100 | |a JACKSON V H | ||
| 245 | |a JOURNAL OF FRANCIS BUCHANAN |h ENGLISH | ||
| 250 | |||
| 260 | |a NEWDELHI |b ASIAN EDUCATIONAL |c 1989 | ||
| 300 | |a 250 p |f HB | ||
| 500 | |a | ||
| 501 | |a Indian History | ||
| 538 | |||
| 590 | |||
| 630 | |a ARCHAEOLOGY | ||
| 650 | |a JOURNAL OF FRANCIS BUCHANAN | ||
| 700 | |||
| 942 | |c BK | ||
| 999 | |c 177956 |d 177956 | ||
| 952 | |0 0 |1 0 |4 0 |6 930_100000000000000_JAC |7 0 |9 191320 |a AGY |b AGY |g 595.00 |l 0 |o 930.1 JAC |p AGY2165 |r 2019-10-25 |w 2019-10-25 |y BK | ||